¡Síndrome de Peter Pan? : los hijos que no se marchan de casa (Registro nro. 8032)
[ vista simple ]
| 000 -Cabecera | |
|---|---|
| Campo de control de longitud fija | 00594nam a22002057a 4500 |
| 005 - Fecha y hora de la última transacción | |
| Campo de control | 20231011141120.0 |
| 008 - Elementos de longitud fija--Información general | |
| Campo de control de longitud fija | 160427b xxu||||| |||| 00| 0 spa d |
| 020 ## - International Standard Book Number | |
| Número Internacional Estándar del Libro (ISBN) | 8433014323 |
| 041 ## - Idioma | |
| Código de idioma | |
| 082 ## - Clasificación Decimal Dewey | |
| Número de clasificación | 155.23 |
| Número de documento/ítem | P762s |
| 100 ## - Entrada principal--Autor personal | |
| Nombre personal | Polaino-Lorente, Aquilino |
| 9 (RLIN) | 8866 |
| 245 ## - Título propiamente dicho | |
| Título | ¡Síndrome de Peter Pan? : los hijos que no se marchan de casa |
| 260 ## - Pie de imprenta | |
| Lugar de publicación, distribución, etc. | España |
| Nombre del editor, distribuidor, etc. | Desclée de Brouwer |
| Fecha de publicación, distribución, etc. | 2000 |
| 300 ## - Descripción física | |
| Extensión | 133 páginas |
| 650 ## - Materia general | |
| Temática (materia general) | RELACIONES EMOCIONALES |
| 650 ## - Materia general | |
| Temática (materia general) | ADOLESCENCIA |
| 650 ## - Materia general | |
| Temática (materia general) | PSIQUIATRÍA |
| 650 ## - Materia general | |
| Temática (materia general) | AUTOESTIMA |
| 942 ## - Punto de acceso adicional KOHA | |
| Tipo de ítem KOHA | Literatura |
| Fuente del sistema de clasificación o colocación | Dewey Decimal Classification |
| Signatura completa | Código de barras | Tipo de ítem |
|---|---|---|
| 155.23 P762s | 21016 | Literatura |